00494pab a2200157 454500008004000000100002400040245012000064260000900184300001200193362001100205650002300216650003400239650002600273700001700299773002000316180718b2009 xxu||||| |||| 00| 0 eng d aReddy, H. Lokanadha aIntegration of disability studies in general curriculum at school and college levels in India: a critical appraisal c2009 ap.7-13. a27 Apr aCurriculum - India aLearning disabilities - India aLearning disabilities aPoornima, R. aUniversity News